Фрезерный инструмент: учебное пособие

Xehetasun bibliografikoak
Egile nagusia: Коротков И. А. Игорь Аркадьевич
Beste egile batzuk: Схиртладзе А. Г. Александр Георгиевич, Борискин В. П. Владимир Петрович
Gaia:Подробно представлена классификация фрезерного инструмента, геометрия режущей части, рассмотрены вопросы проектирования и эксплуатации фрез, а также система вспомогательного инструмента. Для студентов машиностроительных специальностей вузов. Может быть использовано студентами техникумов и колледжей, а также инженерно-техническими работниками машиностроительных предприятий.
Hizkuntza:errusiera
Argitaratua: Старый Оскол, ТНТ, 2006
Gaiak:
Formatua: MixedMaterials Liburua
KOHA link:https://koha.lib.tpu.ru/cgi-bin/koha/opac-detail.pl?biblionumber=133053

MARC

LEADER 00000nam0a2200000 4500
001 133053
005 20231101220415.0
010 |a 5941781180 
035 |a (RuTPU)RU\TPU\book\144077 
090 |a 133053 
100 |a 20080312d2006 km y0rusy50 ca 
101 0 |a rus 
102 |a RU 
105 |a a j 001zy 
200 1 |a Фрезерный инструмент  |e учебное пособие  |f И. А. Коротков, А. Г. Схиртладзе, В. П. Борискин 
210 |a Старый Оскол  |c ТНТ  |d 2006 
215 |a 246 с.  |c ил. 
320 |a Литература: с. 239-241. 
330 |a Подробно представлена классификация фрезерного инструмента, геометрия режущей части, рассмотрены вопросы проектирования и эксплуатации фрез, а также система вспомогательного инструмента. Для студентов машиностроительных специальностей вузов. Может быть использовано студентами техникумов и колледжей, а также инженерно-техническими работниками машиностроительных предприятий. 
606 1 |a Фрезерные инструменты  |2 stltpush  |3 (RuTPU)RU\TPU\subj\16853  |9 42751 
610 1 |a металлообработка 
610 1 |a фрезерование 
610 1 |a инструментальные материалы 
610 1 |a фрезерный инструмент 
610 1 |a геометрические параметры 
610 1 |a фрезы 
610 1 |a конструкции 
610 1 |a фасонные фрезы 
610 1 |a расчет 
610 1 |a конструирование 
610 1 |a сборные конструкции 
610 1 |a примеры 
610 1 |a учебные пособия 
610 1 |a металлы 
610 1 |a обработка 
675 |a 621.914(075.8)  |v 3 
700 1 |a Коротков  |b И. А.  |g Игорь Аркадьевич 
701 1 |a Схиртладзе  |b А. Г.  |g Александр Георгиевич 
701 1 |a Борискин  |b В. П.  |g Владимир Петрович 
801 1 |a RU  |b 63413507  |c 20080312  |g PSBO 
801 2 |a RU  |b 63413507  |c 20210608  |g PSBO 
900 |a Режущий инструмент 
900 |a Режущий инструмент и инструментальное производство 
900 |a Резание материалов и режущий инструмент 
900 |a Резание металлов и режущий инструмент 
900 |a Конструирование и расчет станков 
942 |c BK 
951 |b 151000 
959 |a 29/20080306  |d 2  |e 419,00  |f АНЛ:1  |f ЧЗТЛ:1 
959 |a 62/20080521  |d 3  |e 0  |f УФ:3